00229nam a2200085Ia 450000100070000000500170000700800410002424500570006526000210012280323020250826171111.0250824s9999 xx 000 0 und d 0aNUREDDİN ZENGİ ŞARK IN KANDİLİcALİ EMRE bKETEBE YAYINLARI